00816nam a22002417a 45000010005000000030006000050050017000110080041000280200015000690400029000840500015001130820008001281000032001362450062001682600038002303000060002684900019003285050008003475200148003555210020005035210020005236000031005434399FISKH20240820101505.0240820b cb ||||| |||| 00| 0 eng d a0590132083 aFISKHbengcFISKHdFISKH aPZ7.P75186 a813 aPolacci, Patricia eauthor  aMy Rotten Redheaded Older Brother /cby Patricia Polacco  aNew York : bScholastic ;c1994 . a28 unnumbered pages : bcolor illustrations ;c28 cm .  a Rotten Richie aO  aAfter losing running, climbing, throwing, and burping competitions to her obnoxious older brother, a young girl makes a wish on a falling star.8 a630 bLexile 8 aO bRaz-PLus  2brothervrealistic fiction